Subjetividad masculina: virilidad, temperancia y libertad (Record no. 196264)
[ view plain ]
| 000 -CABECERA | |
|---|---|
| campo de control de longitud fija | 01459nab a2200241 a 4500 |
| 005 - FECHA Y HORA DE LA ÚLTIMA TRANSACCIÓN | |
| campo de control | 20241016063843.0 |
| 008 - ELEMENTOS DE LONGITUD FIJA--INFORMACIÓN GENERAL | |
| campo de control de longitud fija | 991125c2016 mx fr p o 000 0 spa d |
| 035 ## - NÚMERO DE CONTROL DEL SISTEMA | |
| Número de control de sistema | UPN01000224167 |
| 040 ## - FUENTE DE LA CATALOGACIÓN | |
| Centro catalogador/agencia de origen | UPN |
| Lengua de catalogación | spa |
| Centro/agencia transcriptor | UPN |
| Normas de descripción | aacr2 |
| 049 ## - COLECCIÓN | |
| Colección | ART-E |
| 100 1# - ASIENTO PRINCIPAL--NOMBRE PERSONAL | |
| Nombre de persona | Aguilar López, Daniel Rodrigo |
| Enlace | - daniel.aguilar@ired.unam.mx |
| 245 10 - MENCIÓN DE TÍTULO | |
| Título | Subjetividad masculina: virilidad, temperancia y libertad |
| Medio | [recurso electrónico en línea] |
| 506 0# - NOTA DE RESTRICCIONES AL ACCESO | |
| Limitaciones de acceso | Acceso abierto |
| 520 3# - NOTA DE RESUMEN, ETC. | |
| Sumario, etc. | A partir del estudio de la estética de la existencia de los griegos antiguos podemos dar cuenta del tema del sujeto y de la subjetividad como bien lo mencionó Michel Foucault (2002), pero además de tales precisiones puede preguntarse cómo es que un hombre llegaba a convertirse en sujeto. ¿Cómo se formaba un hombre viril, libre y soberano de sí mismo? Es decir, que tal aproximación nos brinda la oportunidad de hacer un recorrido conceptual para estudiar rasgos de la subjetividad masculina y con ello hacer hincapié en la variable de género como determinante de las lógicas sociales, políticas, colectivas y del espectro subjetivo. |
| 650 #4 - ASIENTO SECUNDARIO DE MATERIA - TERMINO TEMATICO | |
| Término de materia o nombre geográfico como elemento de entrada | Género |
| 9 (RLIN) | 5712 |
| 650 #2 - ASIENTO SECUNDARIO DE MATERIA - TERMINO TEMATICO | |
| 9 (RLIN) | 5009 |
| Término de materia o nombre geográfico como elemento de entrada | Subjetividad |
| 650 #4 - ASIENTO SECUNDARIO DE MATERIA - TERMINO TEMATICO | |
| 9 (RLIN) | 14713 |
| Término de materia o nombre geográfico como elemento de entrada | Masculinidad |
| 653 0# - TERMINO DE INDIZACION - NO CONTROLADO | |
| Término no controlado | Virilidad |
| 773 ## - ENLACE AL DOCUMENTO FUENTE/ENTRADA DE REGISTRO ANFITRIÓN | |
| Parte(s) relacionada(s) | No. 36 (2016), p. 80-89 |
| Título | Alternativas en psicología |
| Número Internacional Normalizado para Publicaciones Seriadas | 2007-5251 |
| 856 4# - LOCALIZACIÓN Y ACCESO ELECTRÓNICOS | |
| Identificador Uniforme del Recurso | <a href="http://www.alternativas.me/attachments/article/136/Subjetividad%20masculina.pdf">http://www.alternativas.me/attachments/article/136/Subjetividad%20masculina.pdf</a> |
| 905 ## - TIPO DE MATERIAL | |
| Tipo de material | Articulo |
| 942 ## - ELEMENTOS DE PUNTO DE ACCESO ADICIONAL (KOHA) | |
| Tipo de ítem Koha | Artículo Electrónico |
| Estado de retiro | Estado de pérdida | Estado dañado | No para préstamo | Código de colección | Localización permanente | Ubicación/localización actual | Ubicación en estantería | Fecha de adquisición | Total de préstamos | Fecha visto por última vez | Identificador Uniforme del Recurso | Precio válido a partir de | Tipo de ítem Koha |
|---|---|---|---|---|---|---|---|---|---|---|---|---|---|
| Acceso abierto | Bib. Gregorio Torres Quintero | Bib. Gregorio Torres Quintero | En línea | 26/01/2024 | 26/01/2024 | https://www.alternativas.me/attachments/article/136/Subjetividad%20masculina.pdf | 26/01/2024 | Artículo Electrónico |
